The rise of African slavery in the Americas (Record no. 67628)

MARC details
000 -LEADER
fixed length control field 00794nam a2200241Ia 4500
008 - FIXED-LENGTH DATA ELEMENTS--GENERAL INFORMATION
fixed length control field 191130s2000##################000#0#eng##
020 ## - INTERNATIONAL STANDARD BOOK NUMBER
ISBN 9780521655484
082 ## - DEWEY DECIMAL CLASSIFICATION NUMBER
Classification number 306.362 097 ELT
100 ## - MAIN ENTRY--AUTHOR NAME
Personal name Eltis, David
245 ## - TITLE STATEMENT
Title The rise of African slavery in the Americas
Statement of responsibility, etc David Eltis
260 ## - PUBLICATION, DISTRIBUTION, ETC. (IMPRINT)
Place of publication Cambridge
Name of publisher Cambridge University Press
Year of publication 2000
300 ## - PHYSICAL DESCRIPTION
Number of Pages xvii, 353 p. : maps ; 24 cm
500 ## - GENERAL NOTE
General note Includes bibliographical references (p. 315-338) and index
650 ## - SUBJECT ADDED ENTRY--TOPICAL TERM
Topical Term Colonies - America - History
Topical Term Great Britain - Colonies - America - History
Topical Term Slave trade - America - History
Topical Term Slavery - America - History
991 ## -
-- 222609
Holdings
Withdrawn status Lost status Damaged status Not for loan Home library Current library Shelving location Date acquired Full call number Accession Number Price effective from Koha item type
        Anna Centenary Library Anna Centenary Library 3RD FLOOR, B WING 09.10.2020 306.362 097 ELT 240016 09.10.2020 English Books

Find us on the map